000
00345nam a2200157Ia 4500
003
Ost
005
20260225132539.0
008
260225s9999||||xx |||||||||||||| ||und||
040
_c
fsic
041
_a
fre
082
_a
709
100
_a
Hervé loilier
_e
Auteur
245
0
_a
Histoire des arts /
245
0
_c
Hervé loilier
942
_c
كتاب
999
_c
33382
_d
33382